Statistics for Mandela catalogue characters

Click here to take the quiz!

General Stats

  • This quiz has been taken 548 times
    (532 since last reset)
  • The average score is 11 of 15

Answer Stats

HintAnswer% Correct
Victim oneMark Heathcliff
96%
Victim threeAdam Murray
92%
Victim twoCesar Torres
92%
Victim fourJonah Marshall
87%
“I know what you love. I know what you dread.”Archangel Gabriel
84%
Sister of victim oneSarah Heathcliff
82%
The lieutenant who investigated victim one’s deathThatcher Davis
75%
Also known as 6The Intruder
70%
The manager of MandelaTechDave lee
69%
Victim Three’s exEvelin Miller
58%
The sergeant who investigated victim one’s deathRuth Weaver
56%
“I can make friends appear out of thin air!”Stanley
54%
Mom of victim threeLynn Murray
52%
Mary’s husband (biblical)Joseph
49%
Dad of victim threeJude Murray
49%

Score Distribution

Percentile by Number Answered

Percent of People with Each Score

Your Score History

You have not taken this quiz since the last reset